| 000 | 00782nam a22002297a 4500 | ||
|---|---|---|---|
| 001 | 65300 | ||
| 003 | BD-RjUL | ||
| 005 | 20211209081416.0 | ||
| 008 | 170304s1924 nyua|||| b||| 001 0 eng d | ||
| 035 | _a(BD-RjUL)65430 | ||
| 040 |
_aBD-RjUL _beng _cBD-RjUL _dBD-RjUL |
||
| 041 | _aeng | ||
| 082 |
_223 _a956.1 _bMEM 1924 |
||
| 100 |
_aMears, Eliot Grinnell _9193277 |
||
| 245 |
_aModern Turkey : _ba politico-economic interpretation, 1908-1923 inclusive, with selected chapters by representative authorities / _cEliot Grinnell Mears |
||
| 260 |
_aNew York : _bMacmillan, _c1924. |
||
| 300 |
_axiv, 779 p. : _bill. ; _c24 cm. |
||
| 504 | _aInclude Bibliography and index. | ||
| 651 |
_aTurkey. _9191121 |
||
| 651 |
_aTurkey _vEconomic conditions. _9193280 |
||
| 942 |
_2ddc _cBK |
||
| 999 |
_c65300 _d65300 |
||